[Event "WYg18"]
[Site "Belfort FRA"]
[Date "2005.07.20"]
[Round "2"]
[White "Mar,K"]
[Black "Vega Gutierrez,S"]
[Result "0-1"]
[WhiteElo "2134"]
[BlackElo "2262"]

1.e4 c5 2.Nc3 Nc6 3.Bb5 Nd4 4.Bc4 e6 5.Nge2 Ne7 6.Nxd4 cxd4 7.Ne2 Nc6 8.d3 a6
9.a4 d5 10.exd5 exd5 11.Bb3 Bg4 12.f3 Be6 13.O-O Bc5 14.Qe1 O-O 15.Qg3 Ne7
16.Bg5 f6 17.Bd2 Nf5 18.Qh3 Qd7 19.g4 Ne7 20.Qg3 Nc6 21.Be1 Rfe8 22.Qg2 Re7
23.Bd2 Rae8 24.Rfe1 Bf7 25.Ng3 Bb4 26.c3 Bc5 27.Kh1 g6 28.Rxe7 Rxe7 29.Re1 Qc7
30.Rxe7 Bxe7 31.Qe2 Qb6 32.Qd1 Na5 33.Bc2 Qxb2 34.cxd4 Nc6 35.Bc1 Qxd4 36.Qe2 Bc5
37.Qe1 Nb4 38.Bb1 Qa1 39.Bd2 Qxa4 40.d4 Bf8 41.Ne2 Nc6 42.Be3 Qb3 43.Qc1 Ba3
44.Qg1 a5 45.h4 a4 46.h5 Bf8 47.hxg6 Bxg6 48.Bxg6 hxg6 49.Nf4 Kf7 50.g5 f5
51.Qe1 a3 52.Bc1 Qxf3+ 53.Kh2 Qe4 54.Qh4 Qc2+ 55.Kg3 Bg7 56.Qh7 Ne7 57.Qh1 a2
58.Qe1 a1=Q 59.Qe6+ Ke8 60.Nxg6 Qac3+  0-1

[Event "ACT Open"]
[Site "Amsterdam NED"]
[Date "2005.07.21"]
[Round "6"]
[White "Smeets,J"]
[Black "Eljanov,P"]
[Result "0-1"]
[WhiteElo "2537"]
[BlackElo "2639"]

1.e4 c5 2.Nf3 Nc6 3.Nc3 e5 4.Bc4 d6 5.d3 Be7 6.Nd2 Nf6 7.Nf1 Bg4 8.f3 Be6
9.Ne3 O-O 10.O-O Rb8 11.Ned5 Nd4 12.f4 exf4 13.Bxf4 Nxd5 14.Bxd5 b5 15.Bxe6 fxe6
16.Ne2 Bg5 17.Nxd4 cxd4 18.Qg4 Bxf4 19.Rxf4 Rxf4 20.Qxf4 e5 21.Qg4 Qc8 22.Qe2 b4
23.h3 h6 24.Kh2 Rb6 25.Qd2 Qf8 26.g3 Qf3 27.Rg1 Rb8 28.Rg2 Qf1 29.b3 Qb1
30.g4 Rf8 31.g5 h5 32.Qxb4 Qc1 33.Qd2 Qf1 34.g6 Qf4+ 35.Qxf4 Rxf4 36.b4 Rf3
37.a4 Rf1 38.Rg1 Rf2+ 39.Rg2 Rf1 40.Rg1 Rf2+ 41.Kg3 Rxc2 42.Rf1 Rc3 43.Rf7 Rxd3+
44.Kh4 a6 45.a5 Ra3 46.Ra7 Kf8 47.Rxa6 d5 48.b5 dxe4 49.b6 Rb3 50.Ra8+ Ke7
51.Ra7+ Kd6 52.Rxg7 e3 53.Kg3 d3 54.Rg8 e2 55.Rd8+ Ke7 56.Kf2 Rb1  0-1

[Event "WYg18"]
[Site "Belfort FRA"]
[Date "2005.07.21"]
[Round "3"]
[White "Szczepkowska,K"]
[Black "Dauletova,G"]
[Result "0-1"]
[WhiteElo "2245"]
[BlackElo "2122"]

1.e4 c5 2.Nc3 Nc6 3.Bb5 g6 4.Bxc6 dxc6 5.d3 Bg7 6.Be3 b6 7.Qd2 Nf6 8.h3 Ba6
9.Nge2 O-O 10.O-O Qd7 11.Rad1 Rfd8 12.f4 Qb7 13.Qe1 Nd7 14.Ng3 b5 15.e5 c4
16.d4 b4 17.Nce2 b3 18.axb3 cxb3 19.c3 Bc4 20.f5 c5 21.Qf2 cxd4 22.cxd4 Rf8
23.Rc1 Rac8 24.Rfd1 a5 25.Nc3 Rfd8 26.Ra1 Ra8 27.h4 Nb6 28.Nge4 Nd5 29.Nc5 Qc6
30.Bd2 Nb4 31.Bf4 Nc2 32.Ra4 Bb5 33.Nxb5 Qxb5 34.Bd2 Rdc8 35.fxg6 fxg6 36.Qf3 Nxd4
37.Rxd4 Qxc5 38.Qxb3+ Kh8 39.Be3 Qxe5 40.Bf2 Rab8 41.Qa4 Qf5 42.Bg3 Rf8 43.b3 Qc2
44.Qxa5 Rxb3 45.Rd8 Rb8  0-1

[Event "WYg18"]
[Site "Belfort FRA"]
[Date "2005.07.21"]
[Round "3"]
[White "Sischy,M"]
[Black "Mar,K"]
[Result "0-1"]
[WhiteElo "1974"]
[BlackElo "2134"]

1.e4 c5 2.Nc3 Nc6 3.Bb5 Nd4 4.Bc4 e6 5.d3 d6 6.f4 Ne7 7.Nf3 a6 8.a4 b6 9.O-O g6
10.Nxd4 cxd4 11.Ne2 Bg7 12.Ng3 O-O 13.Qe2 d5 14.Bb3 dxe4 15.dxe4 Nc6 16.Qc4 Na5
17.Qd3 Bb7 18.Bd2 Nxb3 19.Qxb3 Rc8 20.Rad1 Qc7 21.Bb4 Rfd8 22.Rd2 a5 23.Ba3 Ba6
24.Rfd1 Bh6 25.Rxd4 Rxd4 26.Rxd4 Bxf4 27.Rd1 h5 28.c3 h4 29.Nf1 Bxf1 30.Rxf1 Bxh2+
31.Kh1 Be5 32.Qd1 Kg7 33.Qg4 Rh8 34.Kg1 Bh2+ 35.Kh1 Bg3 36.Kg1 Qd8 37.Qf3 Qd7
38.Qf6+ Kg8 39.Be7 Rh7 40.e5 h3 41.gxh3 Qd2 42.Rf3 Qh2+ 43.Kf1 Qxh3+ 44.Ke2 Qg2+
45.Kd3 Bh4 46.Qf4 Bxe7 47.Rf2 Qh3+ 48.Ke2 Qf5 49.Qd4 Qc2+ 50.Kf1 Qc1+ 51.Ke2 Qxb2+
52.Kd3 Qb1+ 53.Ke2 Qc2+ 54.Kf1 Qc1+ 55.Ke2 Rh1 56.Qd7 Qe1+ 57.Kf3 Qxc3+ 58.Kg2 Qh3+  0-1

[Event "WYb16"]
[Site "Belfort FRA"]
[Date "2005.07.21"]
[Round "3"]
[White "Liu,E"]
[Black "Nakhapetiane,P"]
[Result "0-1"]
[WhiteElo "2138"]
[BlackElo "2325"]

1.e4 c5 2.Nc3 Nc6 3.Nf3 Nf6 4.d4 cxd4 5.Nxd4 e5 6.Ndb5 d6 7.Bg5 a6 8.Na3 b5
9.Bxf6 gxf6 10.Nd5 f5 11.Bxb5 axb5 12.Nxb5 Ra4 13.Nbc7+ Kd7 14.b4 Rxb4 15.Qh5 Rxe4+
16.Kf1 Ne7 17.Qxf7 Kc6 18.c4 Nxd5 19.cxd5+ Kc5 20.Rc1+ Rc4 21.Ke2 Bh6 22.Rb1 Re4+
23.Kf1 Bd7 24.Ne6+ Bxe6 25.dxe6 Rb4 26.Rxb4 Kxb4 27.Ke2 Qa5 28.Rb1+ Kc5 29.Kf1 Qxa2
30.Qc7+ Kd5 31.Rd1+ Bd2 32.Qf7 Qc4+ 33.Kg1 Ke4 34.f3+ Ke3 35.Qxf5 Ke2 36.Qb1 Rb8
37.Qxb8 Kxd1 38.Qxd6 Ke2 39.h3 Bf4 40.g3 Be3+ 41.Kg2 Ke1 42.h4 Qf1+ 43.Kh2 Bg1+
44.Kh1 Bf2+ 45.Kh2  0-1

[Event "Politiken Cup"]
[Site "Copenhagen DEN"]
[Date "2005.07.22"]
[Round "8"]
[White "Nordenbaek,J"]
[Black "Asgeirsson,H"]
[Result "1-0"]
[WhiteElo "2246"]
[BlackElo "2118"]

1.e4 c5 2.Nf3 Nc6 3.Nc3 d6 4.d4 cxd4 5.Nxd4 e5 6.Ndb5 a6 7.Na3 b5 8.Nd5 g6
9.c4 b4 10.Nc2 a5 11.Bd3 Bg7 12.Be3 Rb8 13.Qd2 Be6 14.h4 f5 15.f3 f4 16.Bf2 Nf6
17.Rd1 Bxd5 18.cxd5 Ne7 19.Ke2 O-O 20.Bc4 Nc8 21.Qd3 Qd7 22.Rc1 Nh5 23.a4 bxa3
24.Qxa3 Nb6 25.Bd3 Na4 26.b3 Nc5 27.Bc4 Ng3+ 28.Bxg3 fxg3 29.Ne3 Qf7 30.h5 Qf4
31.hxg6 hxg6 32.Rc3 Bh6 33.Rf1 Nxe4 34.fxe4 Qxe4 35.Rf3 Bxe3 36.Bd3 Bc5+
37.Bxe4 Bxa3 38.Rxg3 Rf6 39.Bxg6 Kf8 40.Rc7 Bc5 41.Bh7 Ke8 42.Rg8+ Rf8 43.Bg6+ Kd8
44.Rgg7  1-0

[Event "Politiken Cup"]
[Site "Copenhagen DEN"]
[Date "2005.07.22"]
[Round "8"]
[White "Laursen,N1"]
[Black "Bae,T"]
[Result "0-1"]
[WhiteElo "2134"]
[BlackElo "2316"]

1.e4 c5 2.Nf3 Nc6 3.Nc3 Nf6 4.Bb5 Nd4 5.e5 Nxb5 6.Nxb5 Nd5 7.O-O a6 8.c4 Nb6
9.Nc3 d5 10.d4 e6 11.Bg5 Qd7 12.cxd5 Nxd5 13.Ne4 c4 14.b3 c3 15.a3 b5 16.b4 Bb7
17.Qd3 Qc6 18.Rfe1 a5 19.Nc5 axb4 20.axb4 h6 21.Nxb7 Rxa1 22.Rxa1 Qxb7 23.Ra8+ Kd7
24.Rd8+ Kc7 25.Bh4 g5 26.Nxg5 hxg5 27.Bxg5 Qc6 28.Qc2 Nxb4 29.Qc1 c2  0-1

[Event "Iranian Super League"]
[Site "Iran IRI"]
[Date "2005.07.22"]
[Round "7"]
[White "Guseinov,G"]
[Black "Ahmadinia,E"]
[Result "1-0"]
[WhiteElo "2573"]
[BlackElo "2195"]

1.e4 c5 2.Nf3 Nc6 3.Nc3 g6 4.d4 cxd4 5.Nxd4 Bg7 6.Be3 Nf6 7.Bc4 O-O 8.Bb3 Qa5
9.O-O d6 10.h3 Bd7 11.f4 Nxd4 12.Bxd4 Bc6 13.Qd3 Nd7 14.Bxg7 Kxg7 15.Kh1 Nc5
16.Qd4+ Kg8 17.Rae1 Nxb3 18.axb3 Qc5 19.Qd2 Rad8 20.Nd5 Bxd5 21.exd5 Rc8
22.c3 Qb5 23.f5 Rc5 24.Qh6 Qd3 25.Rf4 Qg3 26.Ref1 gxf5 27.Rxf5 f6 28.R1f4 Qe1+
29.Kh2 Rf7 30.Rg4+ Kh8 31.Qh5  1-0

[Event "WYg18"]
[Site "Belfort FRA"]
[Date "2005.07.23"]
[Round "5"]
[White "Szczepkowska,K"]
[Black "Gusakovskaya,Y"]
[Result "1-0"]
[WhiteElo "2245"]
[BlackElo "2085"]

1.e4 c5 2.Nc3 Nc6 3.Bb5 Nd4 4.Bc4 g6 5.Nf3 Bg7 6.Nxd4 cxd4 7.Qf3 Nh6 8.Ne2 d6
9.d3 Bg4 10.Qg3 Bxe2 11.Kxe2 Qd7 12.f3 Ng8 13.h4 h5 14.a4 a6 15.a5 Nf6 16.Bb3 Qc7
17.Bd2 Nd7 18.Rac1 Nc5 19.Bc4 b5 20.axb6 Qxb6 21.Rb1 e6 22.Rhf1 Rc8 23.b4 Na4
24.Ra1 Nc3+ 25.Bxc3 Rxc4 26.dxc4 dxc3 27.Rfd1 Be5 28.f4 Bg7 29.Qd3 O-O 30.Qxd6 Qb7
31.Ke3 e5 32.fxe5 Re8 33.Rd5 Qc8 34.Qd7 Qb8 35.Rf1 f5 36.Qd6 Bxe5 37.Qxg6+ Bg7
38.Rfxf5 Qxb4 39.Qxe8+  1-0

[Event "WYg18"]
[Site "Belfort FRA"]
[Date "2005.07.23"]
[Round "5"]
[White "Savtchenko,V"]
[Black "Dauletova,G"]
[Result "1-0"]
[WhiteElo "2202"]
[BlackElo "2122"]

1.e4 c5 2.Nc3 Nc6 3.Nge2 g6 4.d4 cxd4 5.Nxd4 Bg7 6.Be3 Nf6 7.Bc4 O-O 8.Bb3 d6
9.f3 Na5 10.Qd2 Nd7 11.O-O-O Nb6 12.Qd3 Bd7 13.Kb1 Rc8 14.h4 Nbc4 15.h5 b5
16.hxg6 fxg6 17.Bh6 b4 18.Nd5 e6 19.Bxg7 Kxg7 20.Ne3 Nxe3 21.Qxe3 Qe7 22.Qh6+ Kg8
23.Nxe6 Rf6 24.Ng5+ Nxb3 25.cxb3 Bc6 26.Nxh7 Bxe4+ 27.fxe4 Qxe4+ 28.Ka1 Rf2
29.Ng5 Qe5 30.Qh7+ Kf8 31.Qh8+  1-0

[Event "Open A"]
[Site "Pardubice CZE"]
[Date "2005.07.23"]
[Round "2"]
[White "Parligras,C"]
[Black "Moroz,A"]
[Result "0-1"]
[WhiteElo "2244"]
[BlackElo "2487"]

1.e4 c5 2.Nf3 Nc6 3.Nc3 e5 4.Bc4 Be7 5.d3 Nf6 6.Nd2 d6 7.Nf1 Bg4 8.f3 Be6
9.Ne3 O-O 10.Ned5 Ne8 11.O-O Bg5 12.Bxg5 Qxg5 13.Qc1 Qd8 14.Qd2 Nc7 15.Nxc7 Qxc7
16.Nd5 Qd7 17.Ne3 Ne7 18.f4 exf4 19.Rxf4 Bxc4 20.Nxc4 d5 21.exd5 Nxd5 22.Re4 Nf6
23.Rf4 Rfe8 24.h3 Re6 25.Re1 b5 26.Ne5 Qd5 27.Ng4 Nxg4 28.Rxe6 Qxe6 29.Rxg4 f5
30.Rf4 Re8 31.Qf2 Qe1+ 32.Qxe1 Rxe1+ 33.Rf1 Rxf1+ 34.Kxf1 Kf7 35.Ke2 Ke6
36.Ke3 Ke5 37.h4 f4+ 38.Kf3 Kf5 39.a3 a5 40.a4 bxa4 41.c3 g6 42.d4 cxd4 43.cxd4 h6
44.d5 g5  0-1

[Event "Open A"]
[Site "Pardubice CZE"]
[Date "2005.07.23"]
[Round "2"]
[White "Szoen,D"]
[Black "Mankeyev,Raua"]
[Result "1/2-1/2"]
[WhiteElo "2459"]
[BlackElo "2344"]

1.e4 c5 2.Nc3 Nc6 3.Bb5 Nd4 4.Bc4 e6 5.Nf3 Nf6 6.O-O a6 7.a4 Nxe4 8.Nxe4 d5
9.Bd3 dxe4 10.Bxe4 Bd6 11.d3 Nxf3+ 12.Bxf3 Qc7 13.g3 Bd7 14.b3 Be5 15.Rb1 Bc6
16.Re1 Bc3 17.Bxc6+  1/2-1/2

[Event "WYb18"]
[Site "Belfort FRA"]
[Date "2005.07.24"]
[Round "6"]
[White "Sengupta,D"]
[Black "Vicol,D"]
[Result "1-0"]
[WhiteElo "2414"]
[BlackElo "2273"]

1.e4 c5 2.Nc3 Nc6 3.Bb5 Nd4 4.Bc4 e6 5.Nf3 Nf6 6.O-O a6 7.a4 d5 8.exd5 exd5
9.Re1+ Be7 10.Nxd4 cxd4 11.Nxd5 Nxd5 12.Qh5 Be6 13.Rxe6 Nf4 14.Rxe7+ Qxe7
15.Qg4 Qe5 16.g3 Ng6 17.d3 O-O 18.Bd2 Qd6 19.f4 Rfe8 20.a5 Ne7 21.f5 Qf6
22.Re1 h6 23.Qh5 Rac8 24.g4 Rxc4 25.dxc4 Qe5 26.f6 Qxh5 27.gxh5 gxf6 28.Bb4 Kf8
29.Re4 f5 30.Rxd4 Kg8 31.Rd7 Nc6 32.Rxb7 Nd4 33.Rb6 f4 34.c5 f5 35.c6 Rc8
36.Rxa6 Nxc6 37.Bc3  1-0

[Event "Open A"]
[Site "Pardubice CZE"]
[Date "2005.07.24"]
[Round "3"]
[White "Shanava,K"]
[Black "Kraemer,Mar"]
[Result "1-0"]
[WhiteElo "2477"]
[BlackElo "2377"]

1.e4 c5 2.Nf3 Nc6 3.Nc3 d6 4.d4 cxd4 5.Nxd4 Nf6 6.Bc4 e6 7.Be3 Be7 8.Bb3 a6
9.Qe2 O-O 10.O-O-O Qc7 11.f3 b5 12.g4 Nxd4 13.Bxd4 Bb7 14.h4 b4 15.Na4 Nd7
16.g5 Bc6 17.g6 e5 18.Be3 Qa5 19.h5 h6 20.gxf7+ Kh8 21.Rdg1 Bf6 22.Bxh6 Bxa4
23.Qg2  1-0

[Event "Open A"]
[Site "Pardubice CZE"]
[Date "2005.07.24"]
[Round "3"]
[White "Fruebing,S"]
[Black "Braschi,G"]
[Result "1-0"]
[WhiteElo "2280"]
[BlackElo "2201"]

1.e4 c5 2.Nf3 Nc6 3.Nc3 Nf6 4.Bb5 Nd4 5.e5 Nxb5 6.Nxb5 Nd5 7.Ng5 f5 8.O-O g6
9.d4 Bg7 10.Qf3 Nc7 11.Qb3 Ne6 12.d5 Nxg5 13.Bxg5 h6 14.Bxe7 Kxe7 15.d6+ Kf8
16.Nc7 Rb8 17.Rfe1 b5 18.Rad1 Rb7 19.Qa3 b4 20.Qa5 Kg8 21.Qxc5 Kh7 22.Rd3 Rb6
23.Nd5 Rc6 24.Qxa7 Re8 25.Ne7 Rxc2 26.Qd4 Rxe7 27.dxe7 Qxe7 28.f4 Qh4 29.Rg3 Bb7
30.Qxb4 Bc6 31.Rf1 Bxe5 32.Qb3 Bd4+ 33.Kh1 Qxf4 34.Qf7+ Kh8 35.Qe8+  1-0

[Event "Open Dutch Championship"]
[Site "Dieren NED"]
[Date "2005.07.26"]
[Round "1"]
[White "Novikov,St"]
[Black "Van Oosterom,C"]
[Result "1-0"]
[WhiteElo "2534"]
[BlackElo "2197"]

1.e4 c5 2.Nf3 Nc6 3.Nc3 Nf6 4.d4 cxd4 5.Nxd4 e5 6.Ndb5 d6 7.Bg5 a6 8.Na3 b5
9.Nd5 Be7 10.Nxe7 Nxe7 11.Bxf6 gxf6 12.c4 Bb7 13.cxb5 Bxe4 14.Qa4 f5 15.bxa6+ Kf8
16.Nc4 Rg8 17.f3 Bc6 18.Qa3 Rg6 19.O-O-O Qc7 20.Kb1 d5 21.Na5 d4 22.Rc1 Qd6
23.Qxd6 Rxd6 24.Nxc6 Nxc6 25.Bd3 Nb4 26.Bxf5 Kg7 27.Rc5 Raxa6 28.a3 Nd5 29.Be4 Ne3
30.Bd3 Rab6 31.b4 Kf6 32.g3 Ke6 33.Rhc1 f5 34.Rc8 Nd5 35.Re8+ Kf6 36.Rf8+  1-0

[Event "Open A"]
[Site "Pardubice CZE"]
[Date "2005.07.26"]
[Round "5"]
[White "Heberla,B"]
[Black "Kraemer,Mar"]
[Result "1-0"]
[WhiteElo "2447"]
[BlackElo "2377"]

1.e4 c5 2.Nc3 Nc6 3.Bb5 Nd4 4.Bc4 e6 5.Nge2 Nf6 6.O-O a6 7.a4 Qc7 8.d3 Be7
9.f4 d6 10.Nxd4 cxd4 11.Ne2 Nxe4 12.Bxe6 fxe6 13.dxe4 O-O 14.Nxd4 e5 15.Ne2 Bg4
16.h3 Bh5 17.Qd3 Rac8 18.Nc3 Bf7 19.Nd5 Bxd5 20.Qxd5+ Kh8 21.c3 exf4 22.Rxf4 Qb6+
23.Kh2 Bf6 24.a5 Qa7 25.Kh1 Be5 26.Rxf8+ Rxf8 27.Qd3 Qf2 28.Bd2 Rf6 29.Qe3 Qh4
30.Kg1 Bf4 31.Qb6 Rf7 32.Bxf4 Qxf4 33.Rd1 h6 34.Qxd6 Qe3+ 35.Kh2 Qxe4 36.Qd8+ Kh7
37.Qd3 Qxd3 38.Rxd3 Rf2 39.b4 Rc2 40.Rd7 Rxc3 41.Rxb7 h5 42.Rb6 Rb3 43.h4 Kg8
44.Kg1 Rb2 45.Kf1 Kf7 46.g3 Ke8 47.Rb7 Kf8 48.b5  1-0

[Event "WYg18"]
[Site "Belfort FRA"]
[Date "2005.07.27"]
[Round "9"]
[White "Stojanovic,An"]
[Black "Guichard,P"]
[Result "0-1"]
[WhiteElo "2162"]
[BlackElo "2103"]

1.e4 c5 2.Nf3 Nc6 3.Nc3 e5 4.Bc4 d6 5.d3 Be7 6.Nd5 Nf6 7.h3 O-O 8.Nxf6+ Bxf6
9.Be3 Be6 10.O-O b6 11.Bd5 Bxd5 12.exd5 Ne7 13.c4 Nf5 14.Bd2 g6 15.Qe2 a6
16.Rab1 Bg7 17.b4 Rb8 18.Qd1 Qd7 19.Rb3 b5 20.g4 Nd4 21.Nxd4 cxd4 22.Ra3 Ra8
23.Ra5 f5 24.g5 f4 25.Qf3 bxc4 26.dxc4 Qf5 27.Re1 Qc2 28.Bc1 Qxc4 29.Ba3 d3
30.b5 Qc3  0-1

[Event "WYb18"]
[Site "Belfort FRA"]
[Date "2005.07.27"]
[Round "9"]
[White "Jurcik,Mari"]
[Black "Deepan,C"]
[Result "1/2-1/2"]
[WhiteElo "2342"]
[BlackElo "2465"]

1.e4 c5 2.Nf3 Nc6 3.Nc3 d6 4.d4 cxd4 5.Nxd4 Nf6 6.f3 e5 7.Nb3 Be7 8.Be3 Be6
9.Qd2 O-O 10.O-O-O a5 11.Kb1 a4 12.Nc1 a3 13.b3 Nb4 14.Nd3 d5 15.Nxe5 dxe4
16.Nxe4 Nxe4 17.fxe4 Qc7 18.Bd4 Rfd8 19.c3 Bxb3 20.axb3 a2+ 21.Kb2 Bg5 22.Qxg5 a1=Q+
23.Rxa1 Rxa1 24.Bc4 Ra2+ 25.Kb1 Ra1+ 26.Kb2  1/2-1/2

[Event "WYb16"]
[Site "Belfort FRA"]
[Date "2005.07.27"]
[Round "9"]
[White "Kalashian,D"]
[Black "Nakhapetiane,P"]
[Result "1/2-1/2"]
[WhiteElo "2292"]
[BlackElo "2325"]

1.e4 c5 2.Nf3 Nc6 3.Nc3 Nf6 4.Bb5 d6 5.e5 Nd7 6.exd6 e6 7.Bxc6 bxc6 8.Ne4 f5
9.Neg5 Nb6 10.O-O h6 11.Nh3 Bxd6 12.b3 Qf6 13.Rb1 e5 14.Bb2 O-O 15.Re1 Re8
16.Nf4 Nd7 17.Nd3 Ba6 18.c4 g5 19.h3 Re6 20.Nh2 Qf7 21.f3 Rae8 22.Nf2 Bc8
23.Nf1 Nf8 24.Ne3 Ng6 25.Nf1 h5 26.Ba3 Bf8 27.b4 cxb4 28.Bxb4 c5 29.Bc3 Nh4
30.d3 g4 31.Qd2 gxf3 32.g3 f4 33.Kh1 Ng2 34.Rec1 Rg6 35.Ne4 Qf5 36.g4 hxg4
37.hxg4 Qxg4 38.Nh2 Rh6 39.Qf2 Re7 40.Qg1 Reh7 41.Rb2 Bf5  1/2-1/2

[Event "MTO Open"]
[Site "Biel SUI"]
[Date "2005.07.27"]
[Round "9"]
[White "Tseshkovsky,V"]
[Black "Alekseev,Evgeny"]
[Result "1/2-1/2"]
[WhiteElo "2599"]
[BlackElo "2625"]

1.e4 c5 2.Nf3 Nc6 3.Nc3 Nf6 4.Bb5 Qc7 5.O-O Nd4 6.Nxd4 cxd4 7.Nd5 Nxd5 8.exd5 Qc5
9.c4 a6 10.b4 Qxb4 11.Ba4 b5 12.cxb5 axb5 13.Bb3 g6 14.d3 Bg7 15.Bd2 Qd6
16.Qe1 Qf6 17.Bb4 d6 18.a4 bxa4 19.Bxa4+ Kf8 20.Bd2 h6 21.Qc1 Kg8 22.Qc6 Rb8
23.Qc7 Ra8 24.Qc6  1/2-1/2

[Event "Open Dutch Championship"]
[Site "Dieren NED"]
[Date "2005.07.27"]
[Round "2"]
[White "Van der Veen,Jan"]
[Black "Veltman,J"]
[Result "0-1"]
[WhiteElo "2182"]
[BlackElo "2126"]

1.e4 c5 2.Nc3 Nc6 3.Bb5 Nd4 4.Bc4 g6 5.Nf3 Bg7 6.Nxd4 cxd4 7.Qf3 e6 8.Nb5 d6
9.Qa3 Ke7 10.c3 dxc3 11.dxc3 a6 12.Bd3 b6 13.c4 Bb7 14.Nc3 Nf6 15.O-O Nd7
16.Bd2 Qc7 17.Rac1 Rac8 18.b3 Rhd8 19.Qb2 Kf8 20.Bg5 f6 21.Be3 Nc5 22.Bb1 f5
23.exf5 gxf5 24.Qd2 Nd7 25.h3 Ne5 26.f4 Nd7 27.Kh2 d5 28.Ne2 Nc5 29.Bd4 dxc4
30.Rxc4 Qc6 31.Bxg7+ Kxg7 32.Qc3+ Kf7 33.Rf3 b5 34.Rg3 Rg8 35.Nd4 Qxg2+ 36.Rxg2 Rxg2+
37.Kh1 Rcg8 38.Nf3 Rg1+  0-1

[Event "Open A"]
[Site "Pardubice CZE"]
[Date "2005.07.27"]
[Round "6"]
[White "Buchal,S"]
[Black "Kabanov,N"]
[Result "0-1"]
[WhiteElo "2367"]
[BlackElo "2508"]

1.e4 c5 2.Nf3 Nc6 3.Nc3 e6 4.Bb5 Nd4 5.a4 a6 6.Bc4 Ne7 7.O-O Qc7 8.d3 Nec6
9.Nxd4 cxd4 10.Ne2 b6 11.c3 dxc3 12.bxc3 Bb7 13.f4 Na5 14.Ba2 Bc5+ 15.Kh1 g6
16.Bb2 f5 17.c4 Rf8 18.Be5 Bd6 19.Bxd6 Qxd6 20.e5 Qa3 21.d4 Be4 22.Ng3 Bb7
23.Qd2 Qxa4 24.c5 Nb3 25.Qd1 Qc6 26.d5 Qxd5 27.Qxd5 Bxd5 28.Bxb3 Bxb3 29.Rfb1 Bd5
30.cxb6 Bb7 31.Nf1 Ke7 32.Nd2 Rfc8 33.Rc1 Bd5 34.Kg1 Kd8 35.Kf2 a5 36.g3 a4
37.Ke3 a3 38.Rxc8+ Kxc8 39.Nb1 a2 40.Nc3 Kb7 41.Nxd5 exd5 42.Kd4 Ra5  0-1

[Event "Open A"]
[Site "Pardubice CZE"]
[Date "2005.07.27"]
[Round "6"]
[White "Geller,J"]
[Black "Savchenko,B"]
[Result "1/2-1/2"]
[WhiteElo "2469"]
[BlackElo "2534"]

1.e4 c5 2.Nf3 Nc6 3.Nc3 g6 4.Bb5 Bg7 5.O-O d6 6.Bxc6+ bxc6 7.d3 e5 8.Be3 Nh6
9.h3 f5 10.Bg5 Qc7 11.exf5 Nxf5 12.Nh4 O-O 13.Nxf5 gxf5 14.f4 c4 15.dxc4 Qb6+
16.Kh1 Qxb2 17.Nd5 Be6 18.Ne7+ Kh8 19.Qxd6 Bxc4 20.Rfb1 Qd4 21.Qxc6 exf4
22.Bh6 Bxh6 23.Qxh6 Rf6 24.Qh4 Raf8 25.Rd1 Qe5 26.Re1 Be2 27.Nd5 Qxd5 28.Rxe2 f3
29.Rf2 fxg2+ 30.Rxg2 Rg6 31.Rg1 Rfg8 32.Qf2 Rxg2 33.Rxg2 Rxg2 34.Qxg2 Qxa2
35.Qc6 Kg7 36.Qc3+ Kf7 37.Qc7+ Ke6 38.Qc6+ Ke5 39.Qc3+ Kd5 40.Qd3+ Ke6 41.Qe3+ Kf7
42.Qc5 Qb1+ 43.Kg2 Qb7+ 44.Kg3 Qb8+ 45.Kf3 Kg6 46.Qc6+ Kg5 47.h4+ Kh5 48.Qf6 Qg8
49.Qxf5+ Kxh4 50.Qf4+ Kh5 51.Qh2+ Kg6 52.Qg1+ Kf7  1/2-1/2

[Event "Open A"]
[Site "Pardubice CZE"]
[Date "2005.07.27"]
[Round "6"]
[White "Dobrowolski,P"]
[Black "Saric,Iv"]
[Result "1/2-1/2"]
[WhiteElo "2388"]
[BlackElo "2284"]

1.e4 c5 2.Nf3 Nc6 3.Nc3 e5 4.Bc4 d6 5.d3 Be7 6.Nd2 Bg5 7.h4 Bh6 8.g4 Bxd2+
9.Bxd2 Nd4 10.Nd5 b5 11.Bb3 Ne7 12.Bg5  1/2-1/2

[Event "WYg18"]
[Site "Belfort FRA"]
[Date "2005.07.29"]
[Round "11"]
[White "Stojanovic,An"]
[Black "Vega Gutierrez,S"]
[Result "1/2-1/2"]
[WhiteElo "2162"]
[BlackElo "2262"]

1.e4 c5 2.Nf3 Nc6 3.Nc3 Nf6 4.Bb5 Qc7 5.O-O Nd4 6.Re1 a6 7.Bf1 e5 8.Nd5 Nxd5
9.exd5 d6 10.c3 Nxf3+ 11.Qxf3 Be7 12.d4 O-O 13.dxe5 dxe5 14.Qg3 Bd6 15.b4 e4
16.Qh4 Be5 17.Qxe4 Bxc3 18.Bf4 Qd8 19.bxc5 Bxa1 20.Rxa1 Re8 21.Qa4 Bf5 22.Qb3 Be4
23.Rd1 Qd7 24.f3 Qf5 25.fxe4 Qxf4 26.Qxb7 Qe3+ 27.Kh1 Qxc5 28.d6 Reb8 29.Qc7 Qxc7
30.dxc7 Rc8 31.Rd7 Rf8 32.Bc4 a5 33.h3 g6 34.Bd5 Rae8 35.Bb7 h5 36.a4 Kg7
37.e5 Kh6 38.h4 Kg7 39.g3 g5 40.hxg5 Kg6 41.Rd5 Kxg5 42.Rxa5 Rc8 43.Bxc8 Rxc8  1/2-1/2

[Event "WYg18"]
[Site "Belfort FRA"]
[Date "2005.07.29"]
[Round "11"]
[White "Markantonaki,H"]
[Black "Sarquis,M"]
[Result "1-0"]
[WhiteElo "2115"]
[BlackElo "2149"]

1.e4 c5 2.Nf3 Nc6 3.Nc3 d6 4.d4 cxd4 5.Nxd4 e5 6.Nb3 Nf6 7.Be2 Be7 8.O-O O-O
9.f4 exf4 10.Bxf4 Ne5 11.Kh1 Be6 12.Nd4 Qa5 13.Qd2 Kh8 14.a3 a6 15.Nf5 Bxf5
16.exf5 Rac8 17.Rae1 Rfe8 18.Bg5 Qc5 19.Qf4 b5 20.Bxf6 Bxf6 21.Ne4 Qxc2 22.Nxd6 Qxb2
23.Nxc8 Rxc8 24.a4 h6 25.axb5 axb5 26.Qe4 Nc4 27.Bh5 Ne5 28.Rb1 Qd2 29.Rfd1 Qg5
30.Be2 Nc4 31.Rxb5 Ne3 32.Rdb1 Rc2 33.Rb8+ Kh7 34.Bf3 Rc4 35.Qd3 Qf4 36.Re8 Nxf5
37.Rf1 g6 38.g3 Qc7 39.Be4 Rc5 40.Bxf5 gxf5 41.Rxf5 Qc6+ 42.Rf3+ Kg7 43.Qe4 Rc1+
44.Kg2 Rc2+ 45.Kh3 Qd7+ 46.Rf5 Qd2 47.Qh1 Bg5 48.Qa1+ Rb2 49.Qg1 Qd7 50.Re5 Bf6
51.Rd5 Qe6 52.Qf1 Re2 53.Qf3 Kh7 54.Qg4  1-0

[Event "MTO Open"]
[Site "Biel SUI"]
[Date "2005.07.29"]
[Round "11"]
[White "Peschlow,P"]
[Black "Allemann,A"]
[Result "1/2-1/2"]
[WhiteElo "2318"]
[BlackElo "2260"]

1.e4 c5 2.Nc3 Nc6 3.Bb5 Na5 4.Nf3 a6 5.Be2 d6 6.d4 cxd4 7.Nxd4 Nf6 8.O-O e6
9.f4 Be7 10.Be3 O-O 11.Qe1 Nd7 12.Rd1 Qc7 13.Kh1 b5 14.f5 Nf6 15.fxe6 fxe6
16.a3 Bd7 17.Qg3 Kh8 18.Nf3 e5  1/2-1/2

[Event "Open Dutch Championship"]
[Site "Dieren NED"]
[Date "2005.07.29"]
[Round "4"]
[White "Van der Veen,Jan"]
[Black "Markus,A"]
[Result "1-0"]
[WhiteElo "2182"]
[BlackElo "2138"]

1.e4 c5 2.Nc3 Nc6 3.Bb5 g6 4.Bxc6 bxc6 5.d3 Bg7 6.Nge2 d6 7.O-O e5 8.f4 Ne7
9.fxe5 Bxe5 10.Bf4 Bg7 11.Qd2 O-O 12.Bh6 Be6 13.Ng3 Nc8 14.Bxg7 Kxg7 15.Rf2 Nb6
16.b3 Qe7 17.Re1 Rae8 18.Nd1 Nd7 19.c4 Ne5 20.Ne3 Qh4 21.Ref1 h5 22.Rf5 Ng4
23.Rxh5 Qxh5 24.Nxh5+ gxh5 25.Nxg4  1-0

[Event "Open A"]
[Site "Pardubice CZE"]
[Date "2005.07.29"]
[Round "8"]
[White "Heberla,B"]
[Black "Makarov,M"]
[Result "1/2-1/2"]
[WhiteElo "2447"]
[BlackElo "2514"]

1.e4 c5 2.Nc3 Nc6 3.Bb5 Nd4 4.Bc4 e6 5.Nge2 Nf6 6.O-O a6 7.a4 Nxe4 8.Nxe4 d5
9.d3 dxc4 10.dxc4 Be7 11.Be3 e5 12.f4 Be6 13.b3 f5 14.N4c3 Qc7 15.Nd5 Bxd5
16.cxd5 O-O 17.fxe5 Qxe5 18.Bxd4 cxd4 19.Nf4 Bg5 20.Qd2 Rad8 21.Rae1 Bxf4
22.Rxf4 Qxd5 23.Rd1 d3 24.Qxd3 Qc5+ 25.Rd4 Rxd4 26.Qxd4 Qxc2 27.Qd5+ Kh8
28.Re1 Qc6 29.Qxc6 bxc6 30.Re7  1/2-1/2

[Event "Open A"]
[Site "Pardubice CZE"]
[Date "2005.07.29"]
[Round "8"]
[White "Geller,J"]
[Black "Zubarev,Al1"]
[Result "0-1"]
[WhiteElo "2469"]
[BlackElo "2521"]

1.e4 c5 2.Nf3 Nc6 3.Nc3 e5 4.Bc4 Be7 5.d3 d6 6.O-O Nf6 7.Ng5 O-O 8.f4 Bg4
9.Qe1 exf4 10.Bxf4 Nd4 11.Qd2 h6 12.Nf3 Nxf3+ 13.gxf3 Be6 14.Kh1 Kh7 15.Rg1 d5
16.exd5 Nxd5 17.Rxg7+ Kxg7 18.Rg1+ Kh7 19.Bxh6 Rg8 20.Rxg8 Qxg8 21.Nxd5 Qg6
22.Bf4 Bh4 23.Qe2 Rg8 24.Bg3 Bxg3 25.hxg3 Qh6+ 26.Qh2 Rxg3 27.Nf6+ Kg6 28.Qxh6+ Kxh6
29.Bxe6 fxe6 30.Ne4 Rxf3 31.Kg2 Rf7 32.Nxc5 Rc7 33.b4 b6 34.Nxe6 Rxc2+ 35.Kf3 Rxa2
36.b5 Kg6 37.Ke4 Kf6 38.Kd5 Ke7 39.Nd4 Kd7 40.Nc6 Kc7 41.d4 Ra1 42.Nb4 Rb1
43.Kc4 Kd6 44.Kc3 Ke6 45.Kc4 Rc1+ 46.Kd3 Kf6 47.Nd5+ Kf5 48.Nc3 Rh1 49.Kc4 Rh8
50.Nd5 Ke4 51.Nc3+ Ke3 52.Nd5+ Kd2 53.Ne7 Rh7 54.Nc6 Ke3 55.Kd5 Kd3 56.Ne5+ Kc3
57.Nc6 Rg7 58.Ne5 Rh7 59.Nc6 Rd7+ 60.Ke4 Rg7 61.d5 Kc4 62.d6 Kc5 63.Ne7 Rg1
64.Nf5 Re1+ 65.Kd3 Rd1+ 66.Kc3 Rd5 67.Ng3 Kxb5  0-1

[Event "Open Dutch Championship"]
[Site "Dieren NED"]
[Date "2005.07.30"]
[Round "5"]
[White "Livshits,G"]
[Black "Den Heeten,D"]
[Result "1-0"]
[WhiteElo "2375"]
[BlackElo "2192"]

1.e4 c5 2.Nc3 Nc6 3.Nf3 d6 4.d4 cxd4 5.Nxd4 e5 6.Nde2 f5 7.exf5 Bxf5 8.Ng3 Be6
9.Bd3 Nf6 10.O-O d5 11.Bg5 Bc5 12.Bf5 Bxf5 13.Nxf5 O-O 14.Qd3 Nb4 15.Qh3 Qc8
16.Na4 Qc6 17.Nxc5 Qxc5 18.c3 Nc6 19.Rad1 Ne4 20.Be3 Qa5 21.Qg4 Qc7 22.Ng3 Nf6
23.Qh4 Rad8 24.h3 Ne8 25.Rd2 d4 26.Bg5 Rd6 27.Ne4 h6 28.Nxd6 Nxd6 29.Bxh6 Nf5
30.Qe4 gxh6 31.Rd3 Ng7 32.Re1 Qf7 33.Rf3 Qxa2 34.Rxf8+ Kxf8 35.cxd4 exd4
36.b4 a6 37.Qf4+ Kg8 38.Qxh6 Qd5 39.Qg6 Nxb4 40.Qg3 Nc6 41.Re8+ Kf7 42.Rc8 Ne7
43.Rc1 Ne6 44.Rd1 Nf5 45.Qg4 d3 46.Qh5+ Kf6 47.Qh8+ Ke7 48.Qh7+ Kd6 49.Qh8 Qe4
50.Qc3 Nf4 51.Qf6+ Kc7 52.Qg5 Nd4 53.Kh2 Nde6 54.Qg3 Kd7 55.Qg4 Qd4 56.Qf3 d2
57.Qe3 Qxe3 58.fxe3 Nd5 59.Rxd2 Kc6 60.Rb2 Nxe3 61.h4 Nf4 62.g4 Nd3 63.Re2 Nxg4+
64.Kg3 Nge5 65.h5 Nf7 66.Re7 Nh6 67.Re6+ Kb5 68.Rxh6 Ne5 69.Rf6 Kb4 70.h6 Nd7
71.Rf4+  1-0